[Event "Tambov Korensky Memorial 23rd"]
[Site "Tambov"]
[Date "2014.08.31"]
[Round "9"]
[White "Volobuev, Sergey"]
[Black "Larin, Vladimir P"]
[Result "1/2-1/2"]
[WhiteElo "1753"]
[BlackElo "2137"]
[PlyCount "51"]
[EventDate "2014.08.23"]
[EventType "swiss"]
[EventRounds "9"]
[EventCountry "RUS"]
[SourceTitle "EXT 2015"]
[Source "ChessBase"]
[SourceDate "2014.11.20"]
[SourceVersion "1"]
[SourceVersionDate "2014.11.20"]
[SourceQuality "1"]

1. d4 Nf6 2. c4 Nc6 3. d5 Ne5 4. e3 d6 5. Be2 g6 6. Nf3 Nxf3+ 7. Bxf3 Bg7 8. 0-0 0-0 9. Nc3 Bd7 10. Rb1 c5 11. e4 a6 12. a4 Rb8 13. Be2 Ne8 14. Bd2 b6 15. b4 f5 16. bxc5 bxc5 17. Rxb8 Qxb8 18. Qc2 Qc7 19. exf5 Bxf5 20. Bd3 Bxd3 21. Qxd3 Nf6 22. Ne4 Nxe4 23. Qxe4 Qd7 24. a5 Bd4 25. Be3 Bxe3 26. Qxe3 1/2-1/2

[Event "Tambov Pavlyutin Memorial 4th"]
[Site "Tambov"]
[Date "2014.05.23"]
[Round "5"]
[White "Larin, Vladimir P"]
[Black "Shvadchenko, Grigory F"]
[Result "1-0"]
[WhiteElo "2111"]
[BlackElo "1927"]
[PlyCount "97"]
[EventDate "2014.05.21"]
[EventType "tourn"]
[EventRounds "9"]
[EventCountry "RUS"]
[SourceTitle "CBM 160 Extra"]
[Source "ChessBase"]
[SourceDate "2014.07.01"]
[SourceVersion "1"]
[SourceVersionDate "2014.07.01"]
[SourceQuality "1"]

1. e4 c5 2. Nf3 Nc6 3. Bb5 g6 4. 0-0 Bg7 5. Bxc6 dxc6 6. d3 Bg4 7. Nbd2 Nf6 8. h3 Bxf3 9. Nxf3 0-0 10. Be3 b6 11. Qd2 Nd7 12. c3 Ne5 13. Nxe5 Bxe5 14. f4 Bg7 15. Rad1 e6 16. Qf2 f5 17. g4 h6 18. Qg2 Qe8 19. e5 Kh7 20. Rd2 Rd8 21. Rfd1 Rd5 22. c4 Rd8 23. d4 cxd4 24. Rxd4 Rxd4 25. Rxd4 c5 26. Rd6 Rf7 27. Qc6 Qxc6 28. Rxc6 Re7 29. a3 fxg4 30. hxg4 g5 31. Kg2 gxf4 32. Bxf4 Kg6 33. Kf3 h5 34. gxh5+ Kf5 35. Rc8 Bxe5 36. Rf8+ Bf6 37. Bg3 Rh7 38. Bh4 Rh6 39. Rxf6+ Rxf6 40. Bxf6 Kxf6 41. Ke4 Kg5 42. Ke5 Kxh5 43. Kxe6 Kg5 44. Kd5 Kf4 45. Kc6 Ke5 46. Kb7 Kd6 47. Kxa7 Kc7 48. Ka6 Kc6 49. b4 1-0

[Event "Tambov Pavlyutin Memorial 4th"]
[Site "Tambov"]
[Date "2014.05.21"]
[Round "1"]
[White "Shcherbakov, Nikolay"]
[Black "Larin, Vladimir P"]
[Result "1/2-1/2"]
[WhiteElo "1887"]
[BlackElo "2111"]
[PlyCount "98"]
[EventDate "2014.05.21"]
[EventType "tourn"]
[EventRounds "9"]
[EventCountry "RUS"]
[SourceTitle "CBM 160 Extra"]
[Source "ChessBase"]
[SourceDate "2014.07.01"]
[SourceVersion "1"]
[SourceVersionDate "2014.07.01"]
[SourceQuality "1"]

1. c4 Nc6 2. d4 Nf6 3. Nf3 e6 4. Nc3 Bb4 5. a3 Bxc3+ 6. bxc3 0-0 7. Bg5 h6 8. Bh4 d5 9. e3 Na5 10. c5 Bd7 11. a4 b6 12. Bb5 c6 13. Ba6 Qe7 14. cxb6 axb6 15. Bd3 c5 16. 0-0 c4 17. Bc2 Ra6 18. Ne5 g5 19. Bg3 Ne4 20. Qh5 Kg7 21. Bxe4 dxe4 22. f3 Be8 23. Ng4 Rh8 24. Be5+ f6 25. Bxf6+ Qxf6 26. Nxf6 Bxh5 27. Nxh5+ Kg6 28. g4 Nb3 29. Ra2 Rf8 30. Raf2 Rxa4 31. fxe4 Rxf2 32. Rxf2 Ra1+ 33. Kg2 Rc1 34. Rf6+ Kh7 35. Rxe6 Rxc3 36. Rxb6 Rxe3 37. Rc6 Nxd4 38. Rxc4 Ne6 39. Rc6 Nf4+ 40. Nxf4 gxf4 41. e5 h5 42. g5 Rxe5 43. h4 Re3 44. Kf2 Rh3 45. Rh6+ Kg7 46. Rxh5 Kg6 47. Rh6+ Kg7 48. Kg2 Rg3+ 49. Kh2 Rg4 1/2-1/2

[Event "Tambov Korensky Memorial 22nd"]
[Site "Tambov"]
[Date "2013.08.25"]
[Round "9"]
[White "Najdin, Danil"]
[Black "Larin, Vladimir P"]
[Result "1-0"]
[WhiteElo "2098"]
[BlackElo "2126"]
[PlyCount "49"]
[EventDate "2013.08.17"]
[EventType "swiss"]
[EventRounds "9"]
[EventCountry "RUS"]
[SourceTitle "CBM 156 Extra"]
[Source "ChessBase"]
[SourceDate "2013.10.22"]
[SourceVersion "1"]
[SourceVersionDate "2013.10.22"]
[SourceQuality "1"]

1. e4 g6 2. d4 Bg7 3. Nc3 d6 4. f4 Nf6 5. Nf3 0-0 6. Be2 b6 7. e5 Ne8 8. Be3 e6 9. h4 h5 10. Ng5 dxe5 11. fxe5 Qe7 12. Bxh5 c5 13. Bf3 Bb7 14. h5 cxd4 15. Qxd4 Bxf3 16. gxf3 f6 17. Nh7 fxe5 18. Qe4 Nd6 19. Qxg6 Rxf3 20. 0-0-0 Nc6 21. h6 Qf7 22. Qxg7+ Qxg7 23. hxg7 Rxe3 24. Rxd6 Nd4 25. Rd7 1-0

[Event "Tambov Korensky Memorial 22nd"]
[Site "Tambov"]
[Date "2013.08.23"]
[Round "7"]
[White "Lukovnikov, Alexander"]
[Black "Larin, Vladimir P"]
[Result "1-0"]
[WhiteElo "2278"]
[BlackElo "2126"]
[PlyCount "71"]
[EventDate "2013.08.17"]
[EventType "swiss"]
[EventRounds "9"]
[EventCountry "RUS"]
[SourceTitle "CBM 156 Extra"]
[Source "ChessBase"]
[SourceDate "2013.10.22"]
[SourceVersion "1"]
[SourceVersionDate "2013.10.22"]
[SourceQuality "1"]

1. e4 g6 2. d4 Bg7 3. Nc3 d6 4. f4 a6 5. a4 b6 6. Nf3 Nd7 7. Bc4 Nf8 8. 0-0 Bb7 9. Ng5 e6 10. f5 gxf5 11. exf5 Qf6 12. Be3 exf5 13. Nd5 Bxd5 14. Bxd5 Ra7 15. Nxf7 Ne7 16. Bb3 Rg8 17. Ng5 d5 18. Qf3 c6 19. Rae1 Kd8 20. c3 h6 21. Nh3 Ne6 22. Bc2 Rf8 23. Qg3 Kd7 24. Bf4 Nxf4 25. Nxf4 Qf7 26. Re6 Kc8 27. Rfe1 Bf6 28. a5 bxa5 29. Nd3 Rg8 30. Qd6 Rd7 31. Qc5 Rc7 32. Qxa5 Kd7 33. Nc5+ Kd8 34. Nxa6 Nc8 35. Rxf6 Qg7 36. Qxc7+ 1-0

[Event "Tambov Pavlyutin Memorial 3rd"]
[Site "Tambov"]
[Date "2013.05.18"]
[Round "8"]
[White "Dikov, Alexander I"]
[Black "Larin, Vladimir P"]
[Result "1-0"]
[WhiteElo "1962"]
[BlackElo "2142"]
[PlyCount "99"]
[EventDate "2013.05.15"]
[EventType "tourn"]
[EventRounds "9"]
[EventCountry "RUS"]
[SourceTitle "CBM 154 Extra"]
[Source "ChessBase"]
[SourceDate "2013.06.25"]
[SourceVersion "2"]
[SourceVersionDate "2013.06.25"]
[SourceQuality "1"]

1. d4 e6 2. c4 f5 3. Nf3 Nf6 4. Nc3 d5 5. cxd5 exd5 6. Ne5 Bd6 7. Bg5 c6 8. e3 0-0 9. f4 Be6 10. Qb3 Qb6 11. Qxb6 axb6 12. Bxf6 Rxf6 13. Be2 b5 14. Bf3 b4 15. Nd1 Nd7 16. b3 Rff8 17. Nxd7 Bxd7 18. Nb2 Ra6 19. Be2 b5 20. Nd3 Rfa8 21. Nc1 c5 22. Bf3 Be6 23. dxc5 Bxc5 24. Kd2 Be7 25. Rb1 Bf6 26. Rd1 Bf7 27. Ke2 Rd8 28. Rd3 h6 29. Rd2 Bc3 30. Rd3 g5 31. g3 g4 32. Bg2 h5 33. Kf2 Kg7 34. h4 gxh3 35. Bxh3 Kf6 36. Bg2 Be6 37. Bf3 Bf7 38. Kf1 Rg8 39. Ne2 Rxa2 40. Bxd5 Rd8 41. Rbd1 Bxd5 42. Rxd5 Rxd5 43. Rxd5 Ra1+ 44. Kf2 h4 45. gxh4 Be1+ 46. Kf3 Bxh4 47. Nd4 Rf1+ 48. Ke2 Rb1 49. Rxf5+ Kg6 50. Rxb5 1-0

[Event "Tambov Korensky Memorial 21st"]
[Site "Tambov"]
[Date "2012.08.19"]
[Round "2"]
[White "Larin, Vladimir P"]
[Black "Sychev, Vitaly"]
[Result "1/2-1/2"]
[WhiteElo "2142"]
[BlackElo "2066"]
[PlyCount "78"]
[EventDate "2012.08.18"]
[EventType "swiss"]
[EventRounds "9"]
[EventCountry "RUS"]
[SourceTitle "CBM 150 Extra"]
[Source "ChessBase"]
[SourceDate "2012.10.19"]
[SourceVersion "1"]
[SourceVersionDate "2012.10.19"]
[SourceQuality "1"]

1. e4 e5 2. Nf3 Nc6 3. c4 Bc5 4. Nc3 d6 5. d3 Nge7 6. Be3 Bg4 7. Be2 Bxf3 8. Bxf3 Nd4 9. 0-0 0-0 10. Rb1 Nec6 11. Bg4 f5 12. exf5 Nxf5 13. Nd5 Nce7 14. Bg5 c6 15. Bxf5 cxd5 16. Be6+ Kh8 17. cxd5 Qe8 18. b4 Bd4 19. Be3 Nf5 20. Bxf5 Rxf5 21. Qg4 Qf7 22. Bxd4 h5 23. Qg3 exd4 24. Qxd6 Rxd5 25. Qg3 Rc8 26. Rbc1 Rc3 27. a4 Rd8 28. Rce1 Re8 29. h3 Kh7 30. Rxe8 Qxe8 31. Qf3 b6 32. Rd1 Qg6 33. g4 Ra3 34. Qe4 Rxa4 35. Qxd4 a5 36. Rb1 Rxb4 37. Rxb4 axb4 38. Qxb4 Qxd3 39. Qxb6 Qxh3 1/2-1/2

[Event "Tambov Korensky Memorial 20th"]
[Site "Tambov"]
[Date "2011.08.27"]
[Round "8"]
[White "Sychev, Vitaly"]
[Black "Larin, Vladimir P"]
[Result "0-1"]
[WhiteElo "2061"]
[BlackElo "2188"]
[PlyCount "61"]
[EventDate "2011.08.20"]
[EventType "swiss"]
[EventRounds "9"]
[EventCountry "RUS"]
[SourceTitle "CBM 144 Extra"]
[Source "ChessBase"]
[SourceDate "2011.10.28"]
[SourceVersion "1"]
[SourceVersionDate "2011.10.28"]
[SourceQuality "1"]

1. e4 d6 2. d4 Nf6 3. Nc3 g6 4. Nf3 Bg7 5. Be2 0-0 6. 0-0 Nc6 7. d5 Nb8 8. Be3 c6 9. h3 b5 10. dxc6 b4 11. Nd5 Nxc6 12. Nxf6+ Bxf6 13. Nd4 Bb7 14. f3 Qc7 15. Rf2 Rfd8 16. Nxc6 Bxc6 17. Bd4 e5 18. Be3 Bh4 19. Rf1 d5 20. exd5 Bxd5 21. Bd3 f5 22. Qe2 Be7 23. Bf2 Bf6 24. Rfb1 Kh8 25. a3 a5 26. axb4 axb4 27. Ra6 Rxa6 28. Bxa6 e4 29. fxe4 Bxe4 30. b3 Qxc2 31. Rf1 0-1

[Event "Tambov Korensky Memorial 20th"]
[Site "Tambov"]
[Date "2011.08.21"]
[Round "2"]
[White "Dikov, Alexander I"]
[Black "Larin, Vladimir P"]
[Result "1/2-1/2"]
[WhiteElo "1851"]
[BlackElo "2188"]
[PlyCount "83"]
[EventDate "2011.08.20"]
[EventType "swiss"]
[EventRounds "9"]
[EventCountry "RUS"]
[SourceTitle "CBM 144 Extra"]
[Source "ChessBase"]
[SourceDate "2011.10.28"]
[SourceVersion "1"]
[SourceVersionDate "2011.10.28"]
[SourceQuality "1"]

1. d4 g6 2. c4 Bg7 3. Nc3 d6 4. e4 e5 5. dxe5 dxe5 6. Qxd8+ Kxd8 7. Bg5+ f6 8. 0-0-0+ Nd7 9. Be3 Bh6 10. Be2 c6 11. Nf3 Bxe3+ 12. fxe3 Nh6 13. h3 Ke7 14. g4 Nf7 15. h4 Nf8 16. g5 fxg5 17. Nxg5 Nxg5 18. hxg5 Be6 19. b3 Nd7 20. Rh4 Raf8 21. Rdh1 Rf7 22. R1h2 Nf8 23. Na4 b6 24. Nb2 Nd7 25. Nd3 Kd6 26. Rh6 Rg7 27. R6h4 Nc5 28. Kc2 a5 29. Nxc5 Kxc5 30. Bg4 Bxg4 31. Rxg4 b5 32. cxb5 cxb5 33. Rd2 a4 34. a3 axb3+ 35. Kxb3 Re7 36. Rg1 Kb6 37. Rc1 Rc7 38. Rxc7 Kxc7 39. Rd5 h5 40. gxh6 Rxh6 41. Rxe5 Rh3 42. Kb4 1/2-1/2

[Event "Tambov Pavlyutin Memorial 1st"]
[Site "Tambov"]
[Date "2011.05.18"]
[Round "3"]
[White "Larin, Vladimir P"]
[Black "Vyaznikov, Sergey O"]
[Result "0-1"]
[WhiteElo "2193"]
[BlackElo "2265"]
[PlyCount "89"]
[EventDate "2011.05.17"]
[EventType "tourn"]
[EventRounds "9"]
[EventCountry "RUS"]
[SourceTitle "CBM 142 Extra"]
[Source "ChessBase"]
[SourceDate "2011.06.27"]
[SourceVersion "1"]
[SourceVersionDate "2011.06.27"]
[SourceQuality "1"]

1. e4 e6 2. Nf3 d5 3. exd5 exd5 4. d4 Bd6 5. c4 dxc4 6. Bxc4 Ne7 7. 0-0 0-0 8. Re1 Bg4 9. h3 Bxf3 10. Qxf3 Nbc6 11. Be3 Qd7 12. Nc3 Qf5 13. Qxf5 Nxf5 14. Rad1 a6 15. a3 Rfe8 16. Kf1 h6 17. Bd5 Rab8 18. Bxc6 bxc6 19. Na4 Re4 20. g4 Ne7 21. Rc1 Rb3 22. Rc3 Rb5 23. Rc2 Rb8 24. f3 Re6 25. Bc1 Rxe1+ 26. Kxe1 Bg3+ 27. Ke2 g5 28. Nc5 Ra8 29. Ne4 Bd6 30. Bd2 Kg7 31. b4 f5 32. Nc5 Kf7 33. Kd3 f4 34. Nb3 Ke6 35. Nc5+ Kd5 36. Ne4 Ng6 37. Bc1 Nh4 38. Re2 Be7 39. Nd2 Bf6 40. Bb2 a5 41. bxa5 c5 42. Nc4 cxd4 43. Bc1 Nxf3 44. Rb2 Ne1+ 45. Kd2 0-1

[Event "Tambov Korensky Memorial 19th"]
[Site "Tambov"]
[Date "2010.08.26"]
[Round "6"]
[White "Larin, Vladimir P"]
[Black "Kupreichik, Viktor D"]
[Result "0-1"]
[WhiteElo "2165"]
[BlackElo "2447"]
[PlyCount "76"]
[EventDate "2010.08.21"]
[EventType "swiss"]
[EventRounds "9"]
[EventCountry "RUS"]
[SourceTitle "EXT 2022"]
[Source "ChessBase"]
[SourceDate "2021.10.06"]
[SourceVersion "1"]
[SourceVersionDate "2021.10.06"]
[SourceQuality "1"]

1. e4 Nf6 2. e5 Nd5 3. d4 d6 4. exd6 cxd6 5. Nf3 g6 6. Bb5+ Nd7 7. 0-0 Bg7 8. Re1 0-0 9. c3 a6 10. Bc4 N7f6 11. Bg5 h6 12. Bxf6 Nxf6 13. Nbd2 b5 14. Bb3 Rb8 15. Qe2 Re8 16. Rad1 a5 17. Ne4 Qc7 18. Nxf6+ Bxf6 19. Qe3 Kg7 20. h3 Bd7 21. a3 e6 22. Nh2 b4 23. Ng4 Bg5 24. f4 Bh4 25. g3 bxc3 26. gxh4 f5 27. Bc2 cxb2 28. Bb1 Ba4 29. Rd2 fxg4 30. Qe4 Qf7 31. Rg2 Rec8 32. Rxg4 Be8 33. Qe3 Qf6 34. h5 Rc1 35. Bxg6 Rxe1+ 36. Qxe1 Bxg6 37. Qb1 Qf5 38. Rxg6+ Kf7 0-1

[Event "Tambov Korensky Memorial 18th"]
[Site "Tambov"]
[Date "2009.08.27"]
[Round "6"]
[White "Uryupin, Igor Nikolaevich"]
[Black "Larin, Vladimir P"]
[Result "1-0"]
[WhiteElo "2218"]
[BlackElo "2151"]
[PlyCount "93"]
[EventDate "2009.08.22"]
[EventType "swiss"]
[EventRounds "9"]
[EventCountry "RUS"]
[SourceTitle "CBM 132 Extra"]
[Source "ChessBase"]
[SourceDate "2009.11.03"]
[SourceVersion "1"]
[SourceVersionDate "2009.11.03"]
[SourceQuality "1"]

1. c4 e6 2. Nf3 f5 3. h3 Nf6 4. g4 Nc6 5. gxf5 exf5 6. Nc3 Be7 7. d4 d6 8. Rg1 g6 9. Bh6 Bd7 10. Qd2 Bf8 11. 0-0-0 Ne7 12. Bg2 c6 13. Bf4 d5 14. Ne5 Bg7 15. cxd5 cxd5 16. Bh6 0-0 17. Bxg7 Kxg7 18. f4 Rc8 19. Kb1 b5 20. Rc1 b4 21. Nd1 Rxc1+ 22. Qxc1 Qb6 23. Qd2 Be6 24. Nf2 Rc8 25. Nfd3 Qxd4 26. e3 Qb6 27. Qxb4 Qxb4 28. Nxb4 Ne4 29. Rd1 Rb8 30. Rd4 Rb6 31. Kc1 a5 32. Nbd3 Nc6 33. Ra4 Bc8 34. Nxc6 Rxc6+ 35. Kd1 Ba6 36. Ne5 Rd6 37. Rxa5 d4 38. exd4 Rxd4+ 39. Ke1 Bd3 40. Ra7+ Kg8 41. Rd7 Rxd7 42. Nxd7 Ng3 43. Kf2 Nh5 44. Ke3 Bc4 45. Nc5 Kf7 46. a4 Ke7 47. a5 1-0

[Event "Tambov Korensky Memorial 18th"]
[Site "Tambov"]
[Date "2009.08.26"]
[Round "5"]
[White "Larin, Vladimir P"]
[Black "Lukovnikov, Alexander"]
[Result "0-1"]
[WhiteElo "2151"]
[BlackElo "2350"]
[PlyCount "95"]
[EventDate "2009.08.22"]
[EventType "swiss"]
[EventRounds "9"]
[EventCountry "RUS"]
[SourceTitle "CBM 132 Extra"]
[Source "ChessBase"]
[SourceDate "2009.11.03"]
[SourceVersion "1"]
[SourceVersionDate "2009.11.03"]
[SourceQuality "1"]

1. e4 e5 2. Nf3 Nc6 3. c4 Bc5 4. Nc3 d6 5. d3 Nge7 6. Be2 0-0 7. 0-0 f5 8. Bg5 h6 9. Bxe7 Qxe7 10. Nd5 Qd8 11. exf5 Bxf5 12. a3 a5 13. Qd2 a4 14. Nc3 Nd4 15. Nxd4 Bxd4 16. Bf3 c6 17. Be4 Be6 18. g3 Qb6 19. Qe2 Rf6 20. Rac1 Raf8 21. Nd1 g6 22. Rc2 h5 23. Kh1 Bg4 24. Qd2 Kg7 25. f4 h4 26. Bf3 Be6 27. Nf2 hxg3 28. hxg3 exf4 29. g4 Rh8+ 30. Kg2 g5 31. Rh1 Rxh1 32. Kxh1 Rh6+ 33. Kg2 Bxf2 34. Qxf2 Qxf2+ 35. Rxf2 Rh4 36. Bd1 b5 37. cxb5 Bd5+ 38. Kf1 cxb5 39. Ke1 Bb3 40. Bf3 Be6 41. Bc6 Bxg4 42. Bxb5 Rh1+ 43. Kd2 Bd1 44. Kc3 Kf6 45. Bc4 Bb3 46. Kb4 Rc1 47. Bxb3 axb3 48. Kxb3 0-1

[Event "Tambov Korensky Memorial 18th"]
[Site "Tambov"]
[Date "2009.08.25"]
[Round "4"]
[White "Pecheritsa, Vitaly"]
[Black "Larin, Vladimir P"]
[Result "1/2-1/2"]
[WhiteElo "2319"]
[BlackElo "2151"]
[PlyCount "52"]
[EventDate "2009.08.22"]
[EventType "swiss"]
[EventRounds "9"]
[EventCountry "RUS"]
[SourceTitle "CBM 132 Extra"]
[Source "ChessBase"]
[SourceDate "2009.11.03"]
[SourceVersion "1"]
[SourceVersionDate "2009.11.03"]
[SourceQuality "1"]

1. e4 d6 2. d4 Nf6 3. Nc3 g6 4. Bg5 Bg7 5. Qd2 h6 6. Bh4 g5 7. Bg3 Nh5 8. 0-0-0 a6 9. Nce2 Nd7 10. f3 Nxg3 11. hxg3 c5 12. f4 g4 13. e5 Qc7 14. Kb1 b5 15. Qe3 c4 16. e6 Nf6 17. exf7+ Kxf7 18. Nc3 d5 19. f5 Bxf5 20. Nge2 Qd7 21. Nf4 Rhc8 22. Rc1 b4 23. Nd1 a5 24. Nh5 Nxh5 25. Rxh5 Bg6 26. Rh4 h5 1/2-1/2